<?xml version="1.0" encoding="UTF-8"?>
<record
    xmlns:xsi="http://www.w3.org/2001/XMLSchema-instance"
    xsi:schemaLocation="http://www.loc.gov/MARC21/slim http://www.loc.gov/standards/marcxml/schema/MARC21slim.xsd"
    xmlns="http://www.loc.gov/MARC21/slim">

  <leader>00478nam a2200181Ia 4500</leader>
  <controlfield tag="008">230917s9999||||xx |||||||||||||| ||und||</controlfield>
  <datafield tag="020" ind1=" " ind2=" ">
    <subfield code="c">RS929</subfield>
  </datafield>
  <datafield tag="040" ind1=" " ind2=" ">
    <subfield code="e">257776</subfield>
    <subfield code="a">MAIN</subfield>
  </datafield>
  <datafield tag="041" ind1=" " ind2=" ">
    <subfield code="a">English</subfield>
  </datafield>
  <datafield tag="082" ind1=" " ind2=" ">
    <subfield code="a">005.1 S55S(10)</subfield>
  </datafield>
  <datafield tag="100" ind1=" " ind2=" ">
    <subfield code="a">Sommerville, Ian</subfield>
  </datafield>
  <datafield tag="245" ind1=" " ind2="0">
    <subfield code="a">Software engineering</subfield>
  </datafield>
  <datafield tag="250" ind1=" " ind2=" ">
    <subfield code="a">10th ed.</subfield>
  </datafield>
  <datafield tag="260" ind1=" " ind2=" ">
    <subfield code="a">Noida</subfield>
    <subfield code="b">Pearson India Education Services</subfield>
    <subfield code="c">2019</subfield>
  </datafield>
  <datafield tag="300" ind1=" " ind2=" ">
    <subfield code="a">808 p.</subfield>
  </datafield>
  <datafield tag="500" ind1=" " ind2=" ">
    <subfield code="a">3598 10/09/2019 PBA19/502 14/09/2019 Main Budget</subfield>
  </datafield>
  <datafield tag="942" ind1=" " ind2=" ">
    <subfield code="c">BK</subfield>
  </datafield>
  <datafield tag="952" ind1=" " ind2=" ">
    <subfield code="0">0</subfield>
    <subfield code="1">0</subfield>
    <subfield code="4">0</subfield>
    <subfield code="6">005_100000000000000_S55S10</subfield>
    <subfield code="7">0</subfield>
    <subfield code="9">61599</subfield>
    <subfield code="a">MAIN</subfield>
    <subfield code="b">MAIN</subfield>
    <subfield code="d">2019-10-29</subfield>
    <subfield code="g">929.00</subfield>
    <subfield code="l">0</subfield>
    <subfield code="o">005.1 S55S(10)</subfield>
    <subfield code="p">389247</subfield>
    <subfield code="r">2023-09-17 20:38:01</subfield>
    <subfield code="w">2023-09-17</subfield>
    <subfield code="y">BK</subfield>
    <subfield code="g">929</subfield>
  </datafield>
  <datafield tag="952" ind1=" " ind2=" ">
    <subfield code="0">0</subfield>
    <subfield code="1">0</subfield>
    <subfield code="4">0</subfield>
    <subfield code="6">005_100000000000000_S55S10</subfield>
    <subfield code="7">0</subfield>
    <subfield code="9">61600</subfield>
    <subfield code="a">MAIN</subfield>
    <subfield code="b">MAIN</subfield>
    <subfield code="d">2019-10-29</subfield>
    <subfield code="g">929.00</subfield>
    <subfield code="l">0</subfield>
    <subfield code="o">005.1 S55S(10)</subfield>
    <subfield code="p">389248</subfield>
    <subfield code="r">2023-09-17 20:38:01</subfield>
    <subfield code="w">2023-09-17</subfield>
    <subfield code="y">BK</subfield>
    <subfield code="g">929</subfield>
  </datafield>
  <datafield tag="952" ind1=" " ind2=" ">
    <subfield code="0">0</subfield>
    <subfield code="1">0</subfield>
    <subfield code="4">0</subfield>
    <subfield code="6">005_100000000000000_S55S10</subfield>
    <subfield code="7">0</subfield>
    <subfield code="9">61601</subfield>
    <subfield code="a">MAIN</subfield>
    <subfield code="b">MAIN</subfield>
    <subfield code="d">2019-10-29</subfield>
    <subfield code="g">929.00</subfield>
    <subfield code="l">0</subfield>
    <subfield code="o">005.1 S55S(10)</subfield>
    <subfield code="p">389249</subfield>
    <subfield code="r">2023-09-17 20:38:01</subfield>
    <subfield code="w">2023-09-17</subfield>
    <subfield code="y">BK</subfield>
    <subfield code="g">929</subfield>
  </datafield>
  <datafield tag="952" ind1=" " ind2=" ">
    <subfield code="0">0</subfield>
    <subfield code="1">0</subfield>
    <subfield code="4">0</subfield>
    <subfield code="6">005_100000000000000_S55S10</subfield>
    <subfield code="7">0</subfield>
    <subfield code="9">61602</subfield>
    <subfield code="a">MAIN</subfield>
    <subfield code="b">MAIN</subfield>
    <subfield code="d">2019-10-29</subfield>
    <subfield code="g">929.00</subfield>
    <subfield code="l">1</subfield>
    <subfield code="o">005.1 S55S(10)</subfield>
    <subfield code="p">389250</subfield>
    <subfield code="r">2024-02-03 12:21:40</subfield>
    <subfield code="s">2024-01-20</subfield>
    <subfield code="w">2023-09-17</subfield>
    <subfield code="y">BK</subfield>
    <subfield code="g">929</subfield>
  </datafield>
  <datafield tag="952" ind1=" " ind2=" ">
    <subfield code="0">0</subfield>
    <subfield code="1">0</subfield>
    <subfield code="4">0</subfield>
    <subfield code="6">005_100000000000000_S55S10</subfield>
    <subfield code="7">0</subfield>
    <subfield code="9">61603</subfield>
    <subfield code="a">MAIN</subfield>
    <subfield code="b">MAIN</subfield>
    <subfield code="d">2019-10-29</subfield>
    <subfield code="g">929.00</subfield>
    <subfield code="l">0</subfield>
    <subfield code="o">005.1 S55S(10)</subfield>
    <subfield code="p">389251</subfield>
    <subfield code="r">2023-09-17 20:38:01</subfield>
    <subfield code="w">2023-09-17</subfield>
    <subfield code="y">BK</subfield>
    <subfield code="g">929</subfield>
  </datafield>
  <datafield tag="999" ind1=" " ind2=" ">
    <subfield code="c">32688</subfield>
    <subfield code="d">32688</subfield>
  </datafield>
</record>
